Virtuálna realita v cestovnom ruchu
Základná myšlienka virtuálnej reality. Virtuálna realita v cestovnom ruchu na Slovensku. Aplikácia Levoča UNESCO Virtual reality. Pôvod noviniek z oblasti virtuálnej reality v USA. Monitorovanie používaných foriem a miery použitia virtuálnej reality na Slovensku a v americkej Pennsylvánii. Porovnani...
Na minha lista:
| Autor principal: | |
|---|---|
| Outros Autores: | |
| Formato: | Capítulo de Livro |
| Idioma: | eslovaco |
| Assuntos: | |
| Tags: |
Sem tags, seja o primeiro a adicionar uma tag!
|
MARC
| LEADER | 00000naa$a2200000$$$4500 | ||
|---|---|---|---|
| 001 | 0249433 | ||
| 005 | 20240502074004.6 | ||
| 041 | 0 | |a slo | |
| 044 | |a SK | ||
| 245 | 1 | 0 | |a Virtuálna realita v cestovnom ruchu |c Attila Pólya, Nikolett Purgerová |
| 520 | |a Základná myšlienka virtuálnej reality. Virtuálna realita v cestovnom ruchu na Slovensku. Aplikácia Levoča UNESCO Virtual reality. Pôvod noviniek z oblasti virtuálnej reality v USA. Monitorovanie používaných foriem a miery použitia virtuálnej reality na Slovensku a v americkej Pennsylvánii. Porovnanie výsledkov z výskumov. | ||
| 610 | 2 | 0 | |a ruch cestovný |
| 610 | 2 | 0 | |a technológie informačné |
| 610 | 2 | 0 | |a technológie komunikačné |
| 610 | 2 | 0 | |a internet |
| 610 | 2 | 0 | |a výskum |
| 610 | 2 | 0 | |a Slovensko |
| 610 | 2 | 0 | |a USA |
| 100 | 1 | |a Pólya, Attila | |
| 700 | 1 | |a Purgerová, Nikolett | |